| 000 | 00552nam a2200169 a 4500 | ||
|---|---|---|---|
| 001 | 000014308 | ||
| 005 | 20250221073754.0 | ||
| 008 | 091209s1998 dr ad 001 0 spa d | ||
| 040 |
_aDO-SdBNP _bspa _cBNPHU |
||
| 082 |
_axxxx _bR426i |
||
| 110 | 1 |
_aRepública Dominicana. _bOficina Nacional de Estadística _95775 |
|
| 245 | 1 | 0 |
_aIndicadores básicos diarios / _cpresentación Maritza Rossi de Pérez. |
| 260 |
_aSanto Domingo : _bONE, _c1998. |
||
| 300 |
_a283 P. : _bil., gráf. ; _c28 cm. |
||
| 700 | 1 |
_aRossi de Pérez, Maritza _932267 |
|
| 049 | _aBNPD | ||
| 999 |
_c13904 _d13904 |
||